000 01242nam a22001577a 4500
999 _c517957
_d517957
008 210806b ||||| |||| 00| 0 eng d
100 _aSnowberg, Erik and Yariv, Leeat
_928332
245 _aTesting the waters: Behavior across participant pools
260 _aThe American Economic Review
300 _a3(2), Feb, 2021: p.687-719
520 _aWe leverage a large-scale incentivized survey eliciting behaviors from (almost) an entire undergraduate university student population, a representative sample of the US population, and Amazon Mechanical Turk (MTurk) to address concerns about the external validity of experiments with student participants. Behavior in the student population offers bounds on behaviors in other populations, and correlations between behaviors are similar across samples. Furthermore, non-student samples exhibit higher levels of noise. Adding historical lab participation data, we find a small set of attributes over which lab participants differ from non-lab participants. An additional set of lab experiments shows no evidence of observer effects. – Reproduced
650 _aSurvey Methods, Sampling Methods
_928333
773 _aThe American Economic Review
906 _aSURVEY METHODS
942 _cAR